Raising the ratio - the surveying profession as a career (Record no. 103025)

MARC details
000 -LEADER
fixed length control field 01263cam a2200265 4500
001 - CONTROL NUMBER
control field J123356
008 - FIXED-LENGTH DATA ELEMENTS--GENERAL INFORMATION
fixed length control field 030822n2003 000 0 eng u
035 ## - SYSTEM CONTROL NUMBER
System control number (Sirsi) u123356
041 ## - LANGUAGE CODE
Language code of text/sound track or separate title eng
050 ## - LIBRARY OF CONGRESS CALL NUMBER
Classification number 331.481333
-- 18
100 ## - MAIN ENTRY--PERSONAL NAME
Personal name Ellison, Louise
245 ## - TITLE STATEMENT
Title Raising the ratio - the surveying profession as a career
Remainder of title survey results summary
260 ## - PUBLICATION, DISTRIBUTION, ETC.
Place of publication, distribution, etc. London
Name of publisher, distributor, etc. RICS
Date of publication, distribution, etc. 2003
300 ## - PHYSICAL DESCRIPTION
Extent 5p.
Dimensions 30cm.
520 ## - SUMMARY, ETC.
Summary, etc. A brief summary of survey results from research undertaken by the RICS Raising the Ratio Committee. The purpose of the research was to identify the barriers that may be preventing women from joining or staying in the surveying profession and what could be done to improve these. View an executive summary of the research at www.rics.org/careers/women_in_surveying.
520 ## - SUMMARY, ETC.
Summary, etc. The full research report is available to borrow separately (J123352).
650 ## - SUBJECT ADDED ENTRY--TOPICAL TERM
Topical term or geographic name entry element WOMEN SURVEYORS
650 ## - SUBJECT ADDED ENTRY--TOPICAL TERM
Topical term or geographic name entry element EQUAL OPPORTUNITIES
650 ## - SUBJECT ADDED ENTRY--TOPICAL TERM
Topical term or geographic name entry element RICS RAISING THE RATIO CAMPAIGN
650 ## - SUBJECT ADDED ENTRY--TOPICAL TERM
Topical term or geographic name entry element WOMEN IN SURVEYING
690 ## - LOCAL SUBJECT ADDED ENTRY--TOPICAL TERM (OCLC, RLIN)
Topical term or geographic name as entry element MANAGEMENT-BUSINESS MANAGEMENT-PROFESSIONAL PRACTICE
710 ## - ADDED ENTRY--CORPORATE NAME
Corporate name or jurisdiction name as entry element Royal Institution of Chartered Surveyors
Subordinate unit Raising the Ratio Committee
9 (RLIN) 4463
710 ## - ADDED ENTRY--CORPORATE NAME
Corporate name or jurisdiction name as entry element Kingston University School of Surveying
9 (RLIN) 2114
942 ## - ADDED ENTRY ELEMENTS (KOHA)
Suppress in OPAC 0
Holdings
Withdrawn status Lost status Source of classification or shelving scheme Damaged status Not for loan Home library Current library Shelving location Date acquired Total Checkouts Full call number Barcode Date last seen Copy number Price effective from Koha item type Date last checked out
    Dewey Decimal Classification     London London RICS Boxes 27/08/2003   RICS 2003/32 30067679 06/08/2019 1 06/08/2019 Archive  
    Dewey Decimal Classification     London London RICS Boxes 27/08/2003   RICS 2003/32 30067678 06/08/2019 2 06/08/2019 Reference material  
    Dewey Decimal Classification     London London RICS Boxes 27/08/2003   RICS 2003/32 30067674 06/08/2019 3 06/08/2019 Book  
    Dewey Decimal Classification     London London RICS Boxes 27/08/2003 4 RICS 2003/32 30067670 06/08/2019 4 06/08/2019 Book 25/11/2004